000
00257nam a22001217a 4500
008
181009b xxu||||| |||| 00| 0 eng d
041
_a
eng
080
_a
316
100
_a
50
101
_a
SOC
245
_a
American society
_c
Robins.w.j
942
_2
udc
_c
BK
999
_c
49209
_d
49209